La investigación acción participativa inicios y desarrollos / (Registro nro. 33291)
[ vista simple ]
| 000 -CABECERA | |
|---|---|
| Longitud fija campo de control | 01444nam a2200277 a 4500 |
| 003 - • IDENTIFICADOR DELl NÚMERO DE CONTROL | |
| Identificador del número de control | CO-ViMGA |
| 008 - • CÓDIGOS DE INFORMACIÓN DE LONGITUD FIJA | |
| Códigos de información de longitud fija | 141112s2004 ck r 000 u spa d |
| 020 ## - • NÚMERO INTERNACIONAL NORMALIZADO PARA LIBROS | |
| Número Internacional Normalizado para Libros (ISBN) | 9788478843268 |
| 040 ## - FUENTE DE LA CATALOGACIÓN | |
| Centro catalogador de origen | CO-ViMGA |
| Lengua de catalogación | spa |
| Centro transcriptor | CO-ViMGA |
| 041 ## - • CÓDIGO DE LENGUA | |
| Código de lengua del texto/banda sonora o título independiente | spa |
| 082 04 - • NÚMERO DE LA CLASIFICACIÓN DECIMAL DEWEY | |
| Número de clasificación (R) | 300.72 L381 |
| 245 10 - • TITULO PROPIAMENTE DICHO | |
| Título | La investigación acción participativa inicios y desarrollos / |
| Mención de responsabilidad, etc. | Kurt Lewin...[et al.] ; edición a cargo de Maria Cristina Salazar Camacho |
| 300 ## - • DESCRIPCIÓN FÍSICA | |
| Extensión | 194 p. 23 cm. |
| 490 ## - • MENCIÓN DE SERIE | |
| Mención de serie | Proa |
| 504 ## - • NOTA DE BIBLIOGRAFÍA, ETC | |
| Nota de bibliografía, etc. | Incluye referencias bibliográficas (p. 190 - 191). |
| 505 ## - • NOTA DE CONTENIDO CON FORMATO | |
| Nota de contenido con formato | La investigación - acción y los problemas de las minorías. - - Antropología - acción. - - Cómo descolonizar las ciencias sociales. - - La ciencia y el pueblo : nuevas reflexiones. - - Campesinos y sociólogos : reflexiones sobre dos experiencias de investigación activa. - - Qué es la investigación - acción participativa. Perspectivas teóricas y metodológicas. - - Mejorando la educación mediante la investigación - acción. - - La situación actual y las perspectivas de la investigación - acción participativa en el mundo. |
| 596 ## - | |
| -- | 2 |
| 650 14 - • PUNTO DE ACCESO ADICIONAL DE MATERIA - TÉRMINO DE MATERIA | |
| Término de materia o nombre geográfico como elemento inicial | Investigación social |
| 700 1# - • PUNTO DE ACCESO ADICIONAL - NOMBRE DE PERSONA | |
| Nombre de persona | Lewin, Kurt |
| 926 ## - | |
| -- | B - GENERAL COL - GRAL - 4 300.72 L381 LIBRO 1 |
| 942 ## - ENTRADA DE ELEMENTOS AGREGADOS (KOHA) | |
| Fuente de clasificaión o esquema | Dewey Decimal Classification |
| Koha [por defecto] tipo de item | LIbro |
| Perdido | Fuente de clasificación o esquema | Estado Físico | No para préstamo | Forma de adquisición | Localización permanente | Localización actual | Fecha adquisición | Serie de enumeración / cronolog&íacute;a | Préstamos totales | Signatura completa | Código de barras | Fecha última consulta | Número de copia | Fecha del precio de reemplazo | Tipo de item de Koha |
|---|---|---|---|---|---|---|---|---|---|---|---|---|---|---|---|
| Dewey Decimal Classification | Sala General Segundo Piso | Biblioteca Pública Germán Arciniegas - Villavicencio | Biblioteca Pública Germán Arciniegas - Villavicencio | 12/04/2015 | 12/nov/2014 | 300.72 L381 | 27450 | 12/04/2015 | Ej. 1 | 12/04/2015 | LIbro |